02380cam a22003011i 4500003000900000005001700009008004100026040003300067082000800100082001800108082001100126090001800137100008500155245016800240264005400408300002500462336003600487337003500523338002900558650004400587700004800631856060200679856058701281942001701868949003801885952013801923999001702061SA-RiAUC20260510143900.0260502s2001 ||| g 00000 ara c aSA-RiAUCbaracSA-RiAUCerda04a21304a213qSA-RiAUC04a210.71 a213bن و و1 aالنووي، يحيى بن شرف بن مري،d631-676 هجريeمؤلف.10aبستان العارفين /cلأبي يحيى زكريا بن شرف النووي ؛ تقديم وتعليق عبدالمعز عبدالحميد الجزار. 1aالقاهرة :bمجلة الازهر،c[2001] aمجلد ؛c24 سم aنصbtxt2rdacontent3كتاب aبدون وسيطbn2rdamedia aمجلدbnc2rdacarrier 7aالإسلامvمتفرقات2aucsh1 aرضوان، رضوان جامعeمحقق. uhttp://www.alwaraq.net/Core/AlwaraqSrv/bookpage?book=1049&option=1&fkey=2&page=1yDigital Copy2 نرجو الانتباه لإمكانية وجود اختلاف في الطبعة أو الناشر بين البيانات على البوابة وما ستجده على الكتاب نظرا لمحدودية المعلومات المتاحة على الموقع الناشر للمادة.3Please note that there may be a difference in the edition or publisher between the data on the portal and the book due to the limited information available on the publisher website for the material. uhttp://www.alwaraq.net/Core/waraq/coverpage?bookid=1049&option=1yExternal Link2 نرجو الانتباه لإمكانية وجود اختلاف في الطبعة أو الناشر بين البيانات على البوابة وما ستجده على الكتاب نظرا لمحدودية المعلومات المتاحة على الموقع الناشر للمادة.3Please note that there may be a difference in the edition or publisher between the data on the portal and the book due to the limited information available on the publisher website for the material. 2ddccBOOKn0 aSA-JeALMd260502umohamedma123n1 00102ddc3الجزء الثاني4070aWAHABbWAHABd2026-05-10l0o213 ن و وp000023531r2026-05-10 14:39:17w2026-05-10yBOOK c14917d14917